000 00596nam a22001937a 4500
999 _c172481
_d172481
005 20200206104203.0
008 200206b ||||| |||| 00| 0 eng d
022 _a2278-4004
040 _adpl
082 _a810
245 _aPracya :
_ba peer reviewed (refereed) annual journal on Sanskrit & related studies
246 _aप्राच्या
260 _aDibrugarh
_bM.D.K. Girls College
_c2019
300 _av
_c23 cm.
310 _aAnnual
505 _avol. XI - Buddhism special
270 _aK.C. Gogoi Path,
_bDibrugarh
_d786001
942 _2ddc
_cSR
_h810
_s1